000 01194cam a2200253 4500
001 WB3747-24
008 011213n2001 000 0 eng u
035 _a(Sirsi) u115989
245 _aReasonable refusal
260 _c2001
490 _aEstates Gazette
_v(0148) 1 December 2001, 126(1)
520 _aDiscusses the implications of "Ashworth Frazer Ltd v Gloucester CC" in which HL overturned a long-standing rule governing consent to assignment. Among the key points to be drawn from the ruling are that a landlord can now refuse consent to an assignment if he reasonably fears that the proposed assignee will breach the user covenant. In addition, a landlord is limited to the stated grounds for refusal, but can elaborate on those grounds at a later date.
590 _aWB
650 _aASHWORTH FRAZER LTD V GLOUCESTER CC
650 _aLANDLORD AND TENANT (COVENANTS) ACT 1995
650 _aCONSENT TO ASSIGNMENT
650 _aTOWN AND COUNTRY PLANNING (USE CLASSES) ORDER 1963
650 _aASSIGNMENT OF LEASES
650 _aCOMMERCIAL LEASES
650 _aWITHHOLDING CONSENT
650 _aREFUSAL
690 _aLANDLORD AND TENANT-BUSINESS TENANCIES
942 _n0
999 _c69106
_d69106